Business And Administrative Communication. (Record no. 4931)

MARC details
005 - DATE AND TIME OF LATEST TRANSACTION
control field 20250625070655.0
020 ## - INTERNATIONAL STANDARD BOOK NUMBER
International Standard Book Number 0-07-296446-4
082 ## - DEWEY DECIMAL CLASSIFICATION NUMBER
Classification number 651.7KIT.
100 ## - MAIN ENTRY--PERSONAL NAME
Author name LOCKER, O.K.
245 ## - TITLE STATEMENT
Title Business And Administrative Communication.
250 ## - EDITION STATEMENT
Edition statement 7th Ed.
260 ## - PUBLICATION, DISTRIBUTION, ETC.
Place of publication, distribution, etc. New York,
Name of publisher, distributor, etc. McGraw-Hill Irwin,
Date of publication, distribution, etc. 2006.
300 ## - PHYSICAL DESCRIPTION
Extent xxx,679p.:ill:,figure,picture
Other physical details Glossary & Index
Dimensions 28cm.
942 ## - ADDED ENTRY ELEMENTS (KOHA)
Source of classification or shelving scheme Dewey Decimal Classification
Koha item type Books

No items available.